000 01075cam a2200289 i 4500
005 20200104041548.0
008 010813s2001 ck a r 00010 spa d
015 _ack-2001-xxxx
020 _a9586980324
040 _ala
_cla
_dCO-BoIAVH
041 0 _aspa
044 _ack
082 0 4 _a638.1
_bN27g
100 1 _aNates Parra, Guiomar
245 1 0 _aGuía para la cría y manejo de la abeja angelita o virginita :
_btetragonisca angustula illiger /
_cGuiomar Nates Parra ; editado por Henry Yesid Bernal y Claudia Vallejo Londoño
260 _aBogotá :
_bConvenio Andrés Bello,
_c2001.
300 _a43 páginas :
_bilustraciones ;
_c27 cm.
490 0 0 _aSerie ciencia y tecnología ;
_v84
504 _aIncluye referencias bibliográficas (p. 29-30).
650 1 6 _aTretragonisca angustula
_x Cría y desarrollo.
650 2 4 _aApicultura.
650 2 4 _aCría de insectos.
700 1 _aBernal, Henry Yesid,
_eeditor.
700 1 _aVallejo Londoño, Claudia,
_eeditora.
942 _2ddc
_cLIBRO
949 _an
_bn
999 _c4225
_d4225